000 00432nmm a2200157Ia 4500
008 251105s9999||||xx |||||||||||||||||und||
041 _aspa
100 _aCaparrós, Martín
245 0 _aEl hambre
264 _a[Madrid, España] :
_bEditorial Anagrama,
_c2014
300 _a632 páginas
490 _aArgumentos
650 _aLatin American narrative
856 _uhttps://public.digitaliapublishing.com/a/32269
942 _cCF
999 _c98407
_d98407